000 00834 a2200205 4500
999 _c372
_d372
020 _a0869225383
050 0 0 _aBS151. REW 1993
100 _aMukunyora Isabel
245 0 0 _aRewriting the Bible :
_bthe real issues : perspectives from within Biblical and religious studies in Zimbabwe /
_cedited by Isabel Mukonyora, James L. Cox, and Frans J. Verstraelen.
264 _aGweru :
_bMmabo press.,
_c1993
300 _axiv, 309 p. ;
440 0 _aReligious and theological studies series ;
500 _aIncludes indexes.
504 _aIncludes bibliographical references
650 0 _aChristianity and culture
_xCongresses.
700 1 _aCox, James L.
_q(James Leland)
700 1 _aVerstraelen, F. J.
942 _2lcc
_cBK
_h151
_iREW
_kBS